Catálogo
 En Linea

Visiones de futuro : (Registro nro. 25439)

Detalles MARC
000 -CABECERA
campo de control de longitud fija 00763nam a2200229 a 4500
001 - NÚMERO DE CONTROL
campo de control 000025947
005 - FECHA Y HORA DE LA ÚLTIMA TRANSACCIÓN
campo de control 20200930024156.0
008 - DATOS DE LONGITUD FIJA--INFORMACIÓN GENERAL
campo de control de longitud fija 110217s1997 ve a r 000 | spa d
020 ## - NÚMERO INTERNACIONAL ESTÁNDAR DEL LIBRO
Número Internacional Estándar del Libro 9800010777
040 ## - FUENTE DE LA CATALOGACIÓN
Centro catalogador/agencia de origen DO-SdBNP
Lengua de catalogación spa
Centro/agencia transcriptor BNPHU
082 ## - NÚMERO DE LA CLASIFICACIÓN DECIMAL DEWEY
Número de clasificación NNN
Número de documento/Ítem M379s
049 ## - FONDOS LOCALES (OCLC)
Fondos de biblioteca BNGR
100 1# - ENTRADA PRINCIPAL--NOMBRE DE PERSONA
Nombre de persona Martin, Alfred von ,
9 (RLIN) 52807
245 10 - MENCIÓN DE TÍTULO
Título Visiones de futuro :
Resto del título economía, educación y trabajo /
Mención de responsabilidad, etc. coordinación Sergio Aranda ; Esther Gamus ... [et al.]; edición al cuidado Rosa Lucía Celi.
260 ## - PUBLICACIÓN, DISTRIBUCIÓN, ETC.
Lugar de publicación, distribución, etc. Caracas :
Nombre del editor, distribuidor, etc. CENDES,
Fecha de publicación, distribución, etc. 1997.
300 ## - DESCRIPCIÓN FÍSICA
Extensión 149 p. ;
Dimensiones 23 cm.
504 ## - NOTA DE BIBLIOGRAFÍA, ETC.
Nota de bibliografía, etc. Bibliografía : p. 140-141
700 1# - PUNTO DE ACCESO ADICIONAL--NOMBRE DE PERSONA
Nombre de persona Gamus, Esther,
9 (RLIN) 52811
700 1# - PUNTO DE ACCESO ADICIONAL--NOMBRE DE PERSONA
Nombre de persona Lacabana, Miguel,
9 (RLIN) 52812
700 1# - PUNTO DE ACCESO ADICIONAL--NOMBRE DE PERSONA
Nombre de persona Mercado, Alexis,
9 (RLIN) 52813
700 1# - PUNTO DE ACCESO ADICIONAL--NOMBRE DE PERSONA
Nombre de persona Mata Mollejas, Luis
9 (RLIN) 52814

No hay ítems disponibles.

Con tecnología Koha